Intermediate engineering drawing / (Record no. 1910)
[ view plain ]
| 000 -LEADER | |
|---|---|
| fixed length control field | 00588cam a2200241ua 4500 |
| 041 ## - LANGUAGE CODE | |
| Language code of text/sound track or separate title | eng |
| 082 ## - DEWEY DECIMAL CLASSIFICATION NUMBER | |
| Classification number | 604.2 |
| Item number | PAR/IN |
| 100 ## - MAIN ENTRY--AUTHOR NAME | |
| Personal name | Parkinson, A.C . |
| 245 ## - TITLE STATEMENT | |
| Title | Intermediate engineering drawing / |
| 250 ## - EDITION STATEMENT | |
| Edition statement | 5 / |
| 260 ## - PUBLICATION, DISTRIBUTION, ETC. (IMPRINT) | |
| Place of publication | London : |
| Name of publisher | Sir Isaac Pitman & Sons Ltd , |
| Year of publication | 1964. |
| 300 ## - PHYSICAL DESCRIPTION | |
| Number of Pages | 247 ; . |
| 942 ## - ADDED ENTRY ELEMENTS (KOHA) | |
| Koha item type | Books |
| Withdrawn status | Lost status | Damaged status | Home library | Current library | Date acquired | Full call number | Accession Number | Koha item type |
|---|---|---|---|---|---|---|---|---|
| KAUAET | KAUAET | 07/04/2012 | 604.2 PAR/IN | 10717 | Books | |||
| KAUAET | KAUAET | 07/04/2012 | 604.2 PAR/IN | 9155 | Books | |||
| KAUAET | KAUAET | 07/04/2012 | 604.2 PAR/IN | 9154 | Books | |||
| KAUAET | KAUAET | 07/04/2012 | 604.2 PAR/IN | 9157 | Books | |||
| KAUAET | KAUAET | 07/04/2012 | 604.2 PAR/IN | 9156 | Books | |||
| KAUAET | KAUAET | 07/04/2012 | 604.2 PAR/IN | 9153 | Books | |||
| Withdrawn | KAUAET | KAUAET | 28/01/2021 | 604.2 PAR/IN | 4762 | Books |
